[Event "POL-ch U14"]
[Site "Suwalki"]
[Date "2015.04.13"]
[Round "8"]
[White "Wierzbicki, Michal"]
[Black "Miszkielo, Bartosz"]
[Result "0-1"]
[WhiteElo "1687"]
[BlackElo "1823"]
[PlyCount "141"]
[EventDate "2015.04.08"]
[EventType "swiss"]
[EventRounds "9"]
[EventCountry "POL"]
[SourceTitle "EXT 2017"]
[Source "ChessBase"]
[SourceDate "2016.10.25"]
[SourceVersion "1"]
[SourceVersionDate "2016.10.25"]
[SourceQuality "1"]

1. d4 Nf6 2. Nf3 c5 3. d5 e6 4. Nc3 exd5 5. Nxd5 Nxd5 6. Qxd5 Be7 7. e4 0-0 8. Bc4 d6 9. c3 Nd7 10. 0-0 Nb6 11. Qd3 Nxc4 12. Qxc4 Be6 13. Qd3 d5 14. exd5 Qxd5 15. Qxd5 Bxd5 16. Re1 Rfe8 17. Be3 b6 18. Red1 Be6 19. Bf4 h6 20. Rd2 Bf6 21. h3 Rad8 22. a4 g5 23. Be3 Rxd2 24. Nxd2 a5 25. Ra3 Be5 26. c4 Rd8 27. Rb3 Rd6 28. g3 Bxh3 29. f4 Bd4 30. Kf2 gxf4 31. gxf4 Bf5 32. Bxd4 Rxd4 33. Ke3 Rd6 34. Nf3 Re6+ 35. Kf2 Re4 36. Rxb6 Rxf4 37. Rxh6 Rxc4 38. b3 Rc2+ 39. Kg3 Rc3 40. Kf4 Bg6 41. Nd2 Kg7 42. Rh2 Rd3 43. Ke5 Kf8 44. Nc4 Rxb3 45. Nxa5 Ra3 46. Nb7 c4 47. Nd6 c3 48. Nb5 Rb3 49. Nxc3 Rxc3 50. Ra2 Rc5+ 51. Kd6 Ra5 52. Kc6 Bb1 53. Rb2 Be4+ 54. Kd6 Rxa4 55. Ke5 Bg6 56. Rb8+ Kg7 57. Rb7 Re4+ 58. Kd5 Re1 59. Kd6 Kh6 60. Rb8 f5 61. Rh8+ Kg5 62. Rf8 f4 63. Kd5 Bf5 64. Rg8+ Kh4 65. Rf8 Kg4 66. Rg8+ Kh3 67. Rf8 Be6+ 68. Kd4 Kg3 69. Rf6 f3 70. Rg6+ Bg4 71. Rf6 0-1

[Event "POL-ch U14"]
[Site "Suwalki"]
[Date "2015.04.09"]
[Round "2"]
[White "Kosakowski, Jakub"]
[Black "Miszkielo, Bartosz"]
[Result "1-0"]
[WhiteElo "2186"]
[BlackElo "1823"]
[PlyCount "77"]
[EventDate "2015.04.08"]
[EventType "swiss"]
[EventRounds "9"]
[EventCountry "POL"]
[SourceTitle "EXT 2017"]
[Source "ChessBase"]
[SourceDate "2016.10.25"]
[SourceVersion "1"]
[SourceVersionDate "2016.10.25"]
[SourceQuality "1"]

1. e4 c5 2. Nf3 Nc6 3. d4 cxd4 4. Nxd4 Nf6 5. Nc3 e5 6. Ndb5 d6 7. Bg5 a6 8. Na3 b5 9. Nd5 Be7 10. Bxf6 Bxf6 11. c4 b4 12. Nc2 a5 13. g3 0-0 14. Bg2 Bg5 15. h4 Be7 16. 0-0 Rb8 17. b3 f5 18. exf5 Bxf5 19. Nde3 Bxc2 20. Nxc2 Na7 21. Qd3 Kh8 22. Be4 h6 23. Ne3 Nc8 24. Rfd1 Nb6 25. Bf5 Qc7 26. Rac1 Qc5 27. Qe4 Ra8 28. Qg4 Rf6 29. Be4 Rd8 30. Bb1 Qc6 31. Nf5 Bf8 32. c5 Nd7 33. cxd6 Qb6 34. Rd2 Nc5 35. Rcd1 Nb7 36. d7 Nc5 37. Ne3 Rf7 38. Nc4 Qf6 39. Nxe5 1-0

[Event "Reykjavik op"]
[Site "Reykjavik"]
[Date "2015.03.18"]
[Round "10"]
[White "Eijk, Yuri"]
[Black "Miszkielo, Bartosz"]
[Result "1/2-1/2"]
[WhiteElo "2062"]
[BlackElo "1694"]
[PlyCount "59"]
[EventDate "2015.03.10"]
[EventType "swiss"]
[EventRounds "10"]
[EventCountry "ISL"]
[SourceTitle "CBM 165 Extra"]
[Source "ChessBase"]
[SourceDate "2015.04.21"]
[SourceVersion "1"]
[SourceVersionDate "2015.04.21"]
[SourceQuality "1"]

1. d4 Nf6 2. c4 c5 3. d5 e6 4. Nc3 exd5 5. cxd5 d6 6. Nf3 g6 7. Bf4 Bg7 8. Qa4+ Bd7 9. Qb3 Qc7 10. e4 0-0 11. Nd2 Re8 12. Be2 Rf8 13. 0-0 Ne8 14. Nc4 Kh8 15. Rfd1 f5 16. e5 dxe5 17. d6 Qc8 18. Nxe5 Nc6 19. Nf7+ Rxf7 20. Qxf7 Be6 21. d7 Bxf7 22. dxc8Q Rxc8 23. Rd7 Be6 24. Rxb7 g5 25. Bxg5 Nd6 26. Rxg7 Kxg7 27. Rd1 Nd4 28. Bf4 Nf7 29. Bh5 Rd8 30. Bxf7 1/2-1/2

[Event "Reykjavik op"]
[Site "Reykjavik"]
[Date "2015.03.10"]
[Round "1"]
[White "Miszkielo, Bartosz"]
[Black "Maisuradze, Nino"]
[Result "0-1"]
[WhiteElo "1694"]
[BlackElo "2302"]
[PlyCount "42"]
[EventDate "2015.03.10"]
[EventType "swiss"]
[EventRounds "10"]
[EventCountry "ISL"]
[SourceTitle "CBM 165 Extra"]
[Source "ChessBase"]
[SourceDate "2015.04.21"]
[SourceVersion "1"]
[SourceVersionDate "2015.04.21"]
[SourceQuality "1"]

1. e4 c5 2. Nf3 a6 3. d4 cxd4 4. Nxd4 Nf6 5. Nc3 e5 6. Nb3 Bb4 7. Bd2 0-0 8. Bd3 Nc6 9. 0-0 Bxc3 10. Bxc3 d5 11. exd5 Nxd5 12. Qd2 Nf4 13. Be4 Qg5 14. Kh1 Bf5 15. Bxc6 bxc6 16. g3 Bh3 17. Rg1 Qh5 18. Qe3 Nd5 19. Qd3 Bf5 20. Qd1 Be4+ 21. Rg2 Bf3 0-1

[Event "POL-chT U19 2nd League"]
[Site "Szczyrk"]
[Date "2014.07.29"]
[Round "7.45"]
[White "Miszkielo, Bartosz"]
[Black "Fudalej, Slawomir"]
[Result "1-0"]
[WhiteElo "1678"]
[BlackElo "1615"]
[PlyCount "87"]
[EventDate "2014.07.25"]
[EventType "team-swiss"]
[EventRounds "11"]
[EventCountry "POL"]
[SourceTitle "EXT 2015"]
[Source "ChessBase"]
[SourceDate "2014.11.20"]
[SourceVersion "1"]
[SourceVersionDate "2014.11.20"]
[SourceQuality "1"]
[WhiteTeam "Wroclaw MUKS MDK Fabryczna U19"]
[BlackTeam "Kozuchow Odrodzenie U19"]
[WhiteTeamCountry "POL"]
[BlackTeamCountry "POL"]

1. Nf3 Nf6 2. c4 g6 3. d4 Bg7 4. Nc3 d5 5. Bf4 c6 6. e3 0-0 7. cxd5 Nxd5 8. Bg3 Nxc3 9. bxc3 c5 10. Qd2 Nc6 11. Be2 Qa5 12. 0-0 Rd8 13. Qc2 a6 14. Nd2 cxd4 15. cxd4 Bxd4 16. exd4 Nxd4 17. Nb3 Nxc2 18. Nxa5 Nxa1 19. Rxa1 Rd5 20. Nc4 Rb5 21. Bc7 Be6 22. Nb6 Rb2 23. Nxa8 Rxe2 24. a4 Rc2 25. Bb6 f6 26. Nc7 Bb3 27. a5 Ba2 28. h3 Kf7 29. Rd1 Rc6 30. Rd8 Rd6 31. Rb8 Rd7 32. Rxb7 Bc4 33. Ra7 h5 34. Ra8 Rxc7 35. Bxc7 Ke6 36. Ra7 Kd7 37. Bb6+ Ke6 38. Bd8 g5 39. Rxe7+ Kf5 40. f3 Bb5 41. Rf7 Kg6 42. Rxf6+ Kg7 43. Rf5 g4 44. Rxb5 1-0

[Event "POL-chT U19 2nd League"]
[Site "Szczyrk"]
[Date "2014.07.26"]
[Round "2.57"]
[White "Miszkielo, Bartosz"]
[Black "Lewandowski, Wiktor"]
[Result "1-0"]
[WhiteElo "1678"]
[BlackElo "1357"]
[PlyCount "93"]
[EventDate "2014.07.25"]
[EventType "team-swiss"]
[EventRounds "11"]
[EventCountry "POL"]
[SourceTitle "EXT 2015"]
[Source "ChessBase"]
[SourceDate "2014.11.20"]
[SourceVersion "1"]
[SourceVersionDate "2014.11.20"]
[SourceQuality "1"]
[WhiteTeam "Wroclaw MUKS MDK Fabryczna U19"]
[BlackTeam "Legnica Miedz U19"]
[WhiteTeamCountry "POL"]
[BlackTeamCountry "POL"]

1. Nf3 d5 2. c4 c6 3. b3 Bg4 4. g3 Nf6 5. Bg2 Nbd7 6. Bb2 e6 7. d3 Bb4+ 8. Nbd2 0-0 9. a3 Bd6 10. h3 Bh5 11. g4 Bg6 12. Nh4 Re8 13. Qc2 Rc8 14. e3 Ne5 15. Nxg6 Nxg6 16. 0-0-0 b5 17. c5 Be7 18. f4 Qa5 19. d4 Qc7 20. Bf3 Nd7 21. Rdg1 a5 22. Be2 a4 23. b4 Rb8 24. Nf3 Rb7 25. h4 f6 26. Bd3 Ngf8 27. h5 Bd8 28. Bc3 Re7 29. Be1 Nb8 30. Bh4 Rd7 31. g5 f5 32. Ne5 Re7 33. g6 Re8 34. gxh7+ Kxh7 35. Bxf5+ exf5 36. Qxf5+ Kh8 37. h6 gxh6 38. Bf6+ Bxf6 39. Qxf6+ Qg7 40. Rxg7 Rxg7 41. Rg1 Ne6 42. Rxg7 Nxg7 43. Qf7 Rg8 44. Ng6+ Kh7 45. Ne7 Rd8 46. Qg6+ Kh8 47. Qxh6# 1-0

[Event "POL-chT3 Dolnoslaskie 1314"]
[Site "Poland"]
[Date "2014.01.19"]
[Round "7.19"]
[White "Wrobel, Michal"]
[Black "Miszkielo, Bartosz"]
[Result "1-0"]
[WhiteElo "1649"]
[BlackElo "1645"]
[PlyCount "67"]
[EventDate "2013.10.20"]
[EventType "team-tourn"]
[EventRounds "11"]
[EventCountry "POL"]
[SourceTitle "EXT 2018"]
[Source "ChessBase"]
[SourceDate "2017.10.13"]
[SourceVersion "1"]
[SourceVersionDate "2017.10.13"]
[SourceQuality "1"]
[WhiteTeam "Wroclaw MUKS MDK Srodmiescie"]
[BlackTeam "Wroclaw MUKS MDK Fabryczna"]
[WhiteTeamCountry "POL"]
[BlackTeamCountry "POL"]

1. e4 c5 2. c4 d6 3. Ne2 Nc6 4. d4 cxd4 5. Nxd4 g6 6. Be3 Bg7 7. Nc3 Nf6 8. Be2 Bd7 9. Qd2 Rc8 10. b3 0-0 11. 0-0 Ng4 12. Bxg4 Bxg4 13. f3 Bd7 14. Rac1 a6 15. Nd5 Rb8 16. a4 e6 17. Nc3 Qe7 18. Rfd1 Rfd8 19. Nde2 Be8 20. Bb6 Rd7 21. a5 f5 22. Kh1 Qh4 23. g3 Qh5 24. Kg2 Ne5 25. Nd4 Bf7 26. f4 Nc6 27. Qf2 fxe4 28. Nxe4 Nxa5 29. h3 Nc6 30. g4 Qh6 31. g5 Qh5 32. Nf3 Nd4 33. Bxd4 Bxd4 34. Rxd4 1-0

[Event "Wroclaw op-B 8th"]
[Site "Wroclaw"]
[Date "2013.07.01"]
[Round "1"]
[White "Koza, Jan"]
[Black "Miszkielo, Bartosz"]
[Result "0-1"]
[WhiteElo "1239"]
[BlackElo "1629"]
[PlyCount "68"]
[EventDate "2013.07.01"]
[EventType "swiss"]
[EventRounds "9"]
[EventCountry "POL"]
[SourceTitle "EXT 2014"]
[Source "ChessBase"]
[SourceDate "2013.11.20"]
[SourceVersion "1"]
[SourceVersionDate "2013.11.20"]
[SourceQuality "1"]

1. e4 c5 2. Nf3 Nc6 3. d4 cxd4 4. Nxd4 Nf6 5. Nc3 e5 6. Nf3 Bb4 7. Bd3 0-0 8. Bd2 d6 9. h3 Re8 10. 0-0 h6 11. Nd5 Bxd2 12. Qxd2 Be6 13. Bb5 Nxe4 14. Qd3 Bxd5 15. Qxd5 Nf6 16. Qc4 d5 17. Qc3 Rc8 18. Bxc6 Rxc6 19. Qe1 Rxc2 20. b3 Qc7 21. Qe3 d4 22. Qd3 e4 23. Qxd4 exf3 24. g3 Qc8 25. Kh2 Ree2 26. Rad1 Rxa2 27. b4 Ne4 28. Qd8+ Qxd8 29. Rxd8+ Kh7 30. Re8 Rxf2+ 31. Rxf2 Rxf2+ 32. Kg1 Rg2+ 33. Kf1 Nxg3+ 34. Ke1 Re2+ 0-1

[Event "Krakow op-B 23rd"]
[Site "Krakow"]
[Date "2013.01.02"]
[Round "7"]
[White "Miszkielo, Bartosz"]
[Black "Hodorowicz, Kamil"]
[Result "1/2-1/2"]
[WhiteElo "1600"]
[BlackElo "1841"]
[PlyCount "60"]
[EventDate "2012.12.27"]
[EventType "swiss"]
[EventRounds "9"]
[EventCountry "POL"]
[SourceTitle "CBM 152 Extra"]
[Source "ChessBase"]
[SourceDate "2013.02.25"]
[SourceVersion "1"]
[SourceVersionDate "2013.02.25"]
[SourceQuality "1"]

1. e4 c6 2. d4 d5 3. f3 dxe4 4. fxe4 e5 5. Nf3 Bg4 6. Bc4 Nd7 7. 0-0 Bxf3 8. Qxf3 Ngf6 9. Qb3 Qb6 10. Bxf7+ Ke7 11. Qxb6 axb6 12. Bb3 exd4 13. Bf4 Ke8 14. Nd2 h6 15. e5 Nh5 16. e6 Nc5 17. Be5 Be7 18. Bxd4 Rd8 19. c3 Rf8 20. Rxf8+ Kxf8 21. Nf3 Nf4 22. Rf1 Kg8 23. Bxc5 Bxc5+ 24. Kh1 Re8 25. Ne5 Nxe6 26. Re1 Kh7 27. Nxc6 bxc6 28. Rxe6 Rxe6 29. Bxe6 Be3 30. g3 Kg6 1/2-1/2

[Event "POL Olympiad U14"]
[Site "Walbrzych"]
[Date "2013.??.??"]
[Round "1.14"]
[White "Krawczyk, Piotr"]
[Black "Miszkielo, Bartosz"]
[Result "0-1"]
[WhiteElo "1439"]
[BlackElo "1656"]
[PlyCount "121"]
[EventDate "2013.04.??"]
[EventType "team-swiss"]
[EventRounds "9"]
[EventCountry "POL"]
[SourceTitle "EXT 2014"]
[Source "ChessBase"]
[SourceDate "2013.11.20"]
[SourceVersion "1"]
[SourceVersionDate "2013.11.20"]
[SourceQuality "1"]

1. d4 Nf6 2. c4 c5 3. d5 e6 4. Nc3 exd5 5. cxd5 d6 6. e4 g6 7. f4 Bg7 8. Nf3 0-0 9. Bd3 a6 10. a4 Re8 11. 0-0 Bg4 12. h3 Bxf3 13. Qxf3 Nbd7 14. Be3 Qc7 15. b3 Nb6 16. Rac1 Nfxd5 17. Nxd5 Nxd5 18. exd5 Rxe3 19. Qd1 Qb6 20. Bc4 Qb4 21. Kh1 b5 22. Bd3 Rae8 23. Qc2 f5 24. Rcd1 Bd4 25. Kh2 Re1 26. Qb1 Rxf1 27. Rxf1 Re3 28. axb5 axb5 29. Qc2 Re1 30. Bxb5 Be3 31. Qc4 Rxf1 32. Qxf1 Bxf4+ 33. Kh1 Be5 34. Bc4 Qc3 35. Qf3 Qe1+ 36. Qf1 Qg3 37. Qg1 g5 38. Be2 g4 39. Bf1 h5 40. Be2 Kh8 41. Bf1 h4 42. Be2 gxh3 43. Bf3 hxg2+ 44. Qxg2 Qxg2+ 45. Kxg2 Kg7 46. Kh3 Bg3 47. Be2 f4 48. Bf3 Kf6 49. Be2 Ke5 50. Bc4 Ke4 51. Kg2 f3+ 52. Kg1 h3 53. Ba6 Ke3 54. Bf1 f2+ 55. Kh1 h2 56. Kg2 Kd2 57. Kh1 Ke1 58. Kg2 h1Q+ 59. Kxh1 Kxf1 60. b4 Ke2 61. b5 0-1

[Event "POL-chT U19 2nd League"]
[Site "Borowice"]
[Date "2012.07.29"]
[Round "11"]
[White "Bebel, Agnieszka"]
[Black "Miszkielo, Bartosz"]
[Result "1-0"]
[WhiteElo "1449"]
[BlackElo "1531"]
[PlyCount "85"]
[EventDate "2012.07.21"]
[EventType "team-swiss"]
[EventRounds "11"]
[EventCountry "POL"]
[SourceTitle "EXT 2014"]
[Source "ChessBase"]
[SourceDate "2013.11.20"]
[SourceVersion "1"]
[SourceVersionDate "2013.11.20"]
[SourceQuality "1"]
[WhiteTeam "Wroclaw KS Polonia U19"]
[BlackTeam "Wroclaw MUKS MDK Fabryczna U19"]
[WhiteTeamCountry "POL"]
[BlackTeamCountry "POL"]

1. g3 g6 2. Bg2 Bg7 3. d4 Nf6 4. c4 c5 5. Nf3 cxd4 6. Nxd4 Nc6 7. Nc3 0-0 8. 0-0 Nxd4 9. Qxd4 d6 10. Qd3 Nd7 11. b3 Ne5 12. Qd2 Rb8 13. Bb2 Be6 14. Rac1 Qd7 15. Rfd1 Rfc8 16. Nd5 Bxd5 17. Bxd5 h5 18. f4 Ng4 19. Bxg7 Kxg7 20. h3 Nf6 21. Bg2 Rh8 22. Qc3 Rh7 23. Rd3 Rbh8 24. e4 Kf8 25. e5 Ne8 26. Rcd1 Rg8 27. c5 g5 28. Be4 Rhg7 29. f5 Qc7 30. cxd6 Qxc3 31. dxe7+ Kxe7 32. Rxc3 f6 33. e6 b6 34. Rc8 h4 35. g4 a5 36. Rdd8 b5 37. Bc6 b4 38. Rxe8+ Rxe8 39. Rxe8+ Kd6 40. Bd7 Kc7 41. Rf8 Rxd7 42. exd7 Kxd7 43. Rxf6 1-0

[Event "POL-chT U19 2nd League"]
[Site "Borowice"]
[Date "2012.07.25"]
[Round "6"]
[White "Miszkielo, Bartosz"]
[Black "Nawrocki, Karol"]
[Result "1-0"]
[WhiteElo "1531"]
[BlackElo "1578"]
[PlyCount "51"]
[EventDate "2012.07.21"]
[EventType "team-swiss"]
[EventRounds "11"]
[EventCountry "POL"]
[SourceTitle "EXT 2014"]
[Source "ChessBase"]
[SourceDate "2013.11.20"]
[SourceVersion "1"]
[SourceVersionDate "2013.11.20"]
[SourceQuality "1"]
[WhiteTeam "Wroclaw MUKS MDK Fabryczna U19"]
[BlackTeam "Gniezno LKS Chrobry U19"]
[WhiteTeamCountry "POL"]
[BlackTeamCountry "POL"]

1. e4 e6 2. d4 d5 3. e5 c5 4. c3 Nc6 5. Nf3 Qb6 6. Bd3 cxd4 7. cxd4 Bd7 8. Bc2 Nb4 9. Bb3 Ne7 10. Nc3 Nf5 11. 0-0 Be7 12. Re1 0-0 13. g4 Nh4 14. Nxh4 Bxh4 15. g5 Bb5 16. Nxb5 Qxb5 17. Re3 Bxg5 18. Rg3 Bxc1 19. Qxc1 Qd7 20. Rxg7+ Kxg7 21. Qg5+ Kh8 22. Qf6+ Kg8 23. Kh1 Rfc8 24. Qh6 Kh8 25. Rg1 Rc1 26. Qg7# 1-0

[Event "POL-chT U19 2nd League"]
[Site "Borowice"]
[Date "2012.07.25"]
[Round "7"]
[White "Pilzak, Marcin"]
[Black "Miszkielo, Bartosz"]
[Result "1-0"]
[WhiteElo "1627"]
[BlackElo "1531"]
[PlyCount "69"]
[EventDate "2012.07.21"]
[EventType "team-swiss"]
[EventRounds "11"]
[EventCountry "POL"]
[SourceTitle "EXT 2014"]
[Source "ChessBase"]
[SourceDate "2013.11.20"]
[SourceVersion "1"]
[SourceVersionDate "2013.11.20"]
[SourceQuality "1"]
[WhiteTeam "Leszno Wieniawa U19"]
[BlackTeam "Wroclaw MUKS MDK Fabryczna U19"]
[WhiteTeamCountry "POL"]
[BlackTeamCountry "POL"]

1. e4 c5 2. Nf3 d6 3. d4 cxd4 4. Nxd4 Nf6 5. Nc3 g6 6. f3 Bg7 7. Be3 Nc6 8. Bc4 0-0 9. Qd2 Bd7 10. 0-0-0 b5 11. Nxc6 Bxc6 12. Bxb5 Bxb5 13. Nxb5 Rb8 14. Nc3 Qa5 15. Bd4 e5 16. Be3 Rfc8 17. a3 Rc6 18. Nd5 Qb5 19. Qb4 Nxd5 20. Qxb5 Rxb5 21. Rxd5 Rxd5 22. exd5 Rc7 23. Rd1 Rb7 24. c3 f5 25. Kc2 Kf7 26. b4 Rc7 27. Kb3 Bf6 28. c4 Bd8 29. c5 Be7 30. c6 Ke8 31. a4 Kd8 32. b5 Rc8 33. Bxa7 Ra8 34. b6 Rxa7 35. bxa7 1-0

[Event "POL-chT U19 2nd League"]
[Site "Borowice"]
[Date "2012.07.21"]
[Round "1"]
[White "Miszkielo, Bartosz"]
[Black "Michalski, Filip"]
[Result "0-1"]
[WhiteElo "1531"]
[BlackElo "1646"]
[PlyCount "128"]
[EventDate "2012.07.21"]
[EventType "team-swiss"]
[EventRounds "11"]
[EventCountry "POL"]
[SourceTitle "EXT 2014"]
[Source "ChessBase"]
[SourceDate "2013.11.20"]
[SourceVersion "1"]
[SourceVersionDate "2013.11.20"]
[SourceQuality "1"]
[WhiteTeam "Wroclaw MUKS MDK Fabryczna U19"]
[BlackTeam "Ostrow Wielkopolski U19"]
[WhiteTeamCountry "POL"]
[BlackTeamCountry "POL"]

1. e4 c6 2. d4 d5 3. e5 c5 4. c3 Nc6 5. Be3 cxd4 6. cxd4 Qb6 7. Qd2 e6 8. a3 Nge7 9. Nf3 Bd7 10. Nc3 Na5 11. Rb1 Nb3 12. Qd3 Nf5 13. a4 a6 14. Be2 Be7 15. Bd1 Na5 16. b3 Rc8 17. 0-0 0-0 18. Bc2 g6 19. g4 Ng7 20. h4 Nc6 21. h5 Nb4 22. Qd2 Nxc2 23. Qxc2 Bb4 24. Bd2 Rc6 25. Qd3 Qa5 26. Ne2 Bxd2 27. Nxd2 f5 28. exf6 Rxf6 29. Nf3 gxh5 30. Ne5 Rc7 31. gxh5 Nxh5 32. f3 Be8 33. Kf2 Rg7 34. Rg1 Bg6 35. Nxg6 Rfxg6 36. Rh1 Ng3 37. Nxg3 Rxg3 38. Rh2 Qc7 39. Rbh1 Qf4 40. Qc3 Rc7 41. Qd3 Rf7 42. Rg2 Qxf3+ 43. Qxf3 Rfxf3+ 44. Kg1 Rxg2+ 45. Kxg2 Rxb3 46. Re1 Kf7 47. Rh1 Kg6 48. Re1 Rb6 49. Re5 Rc6 50. Kf2 b5 51. axb5 axb5 52. Kg3 b4 53. Kh3 b3 54. Re2 Rb6 55. Rb2 Kg5 56. Kg3 h5 57. Kf3 h4 58. Rg2+ Kf5 59. Rb2 e5 60. dxe5 Kxe5 61. Ke3 h3 62. Kd3 h2 63. Rxh2 b2 64. Rxb2 Rxb2 0-1

[Event "Wroclaw Cup-B"]
[Site "Wroclaw"]
[Date "2012.05.03"]
[Round "9"]
[White "Miszkielo, Bartosz"]
[Black "Radzicki, Wieslaw"]
[Result "1-0"]
[WhiteElo "1419"]
[BlackElo "1793"]
[PlyCount "85"]
[EventDate "2012.04.30"]
[EventType "swiss"]
[EventRounds "9"]
[EventCountry "POL"]
[SourceTitle "EXT 2013"]
[Source "ChessBase"]
[SourceDate "2012.11.22"]
[SourceVersion "1"]
[SourceVersionDate "2012.11.22"]
[SourceQuality "1"]

1. e4 e5 2. f4 Bc5 3. Nf3 d6 4. c3 Nf6 5. d3 Bg4 6. Qe2 0-0 7. Be3 Bxe3 8. Qxe3 Re8 9. fxe5 dxe5 10. Be2 Nbd7 11. 0-0 c5 12. Nbd2 Qe7 13. h3 Bxf3 14. Rxf3 Rad8 15. Rg3 Nf8 16. Rf1 Ng6 17. Nf3 Nh5 18. Rg5 Nhf4 19. Kh2 f6 20. Rg4 Nxe2 21. Qxe2 Nf4 22. Rxf4 exf4 23. Nh4 Qd7 24. Rd1 Qe6 25. a3 f5 26. Re1 fxe4 27. dxe4 c4 28. Nf5 Rd5 29. Nd4 Qa6 30. Qf2 Rde5 31. Qxf4 Qf6 32. Qg4 h5 33. Qd7 R8e7 34. Qc8+ Kh7 35. Qxc4 Qf4+ 36. Kh1 Rxe4 37. Rxe4 Qxe4 38. Qc5 h4 39. Nf3 Kh6 40. Qxa7 Rd7 41. Qb6+ g6 42. Qf6 Kh5 43. Qh8+ 1-0

[Event "Wroclaw Cup-B"]
[Site "Wroclaw"]
[Date "2012.05.02"]
[Round "5"]
[White "Miszkielo, Bartosz"]
[Black "Gradalski, Bartosz"]
[Result "1-0"]
[WhiteElo "1419"]
[BlackElo "1650"]
[PlyCount "37"]
[EventDate "2012.04.30"]
[EventType "swiss"]
[EventRounds "9"]
[EventCountry "POL"]
[SourceTitle "EXT 2013"]
[Source "ChessBase"]
[SourceDate "2012.11.22"]
[SourceVersion "1"]
[SourceVersionDate "2012.11.22"]
[SourceQuality "1"]

1. e4 e5 2. f4 exf4 3. Bc4 Qh4+ 4. Kf1 Nf6 5. Nf3 Qg4 6. Nc3 Bb4 7. Bxf7+ Kf8 8. d3 Bxc3 9. bxc3 d6 10. Bb3 Be6 11. h3 Qg6 12. Bxe6 Nh5 13. Bf5 Ng3+ 14. Ke1 Nxf5 15. exf5 Qxf5 16. Rf1 Nc6 17. Qd2 g5 18. Nxg5 Qxg5 19. Rxf4+ 1-0

[Event "Wroclaw Cup-B"]
[Site "Wroclaw"]
[Date "2012.05.01"]
[Round "2"]
[White "Kowalik, Waldemar"]
[Black "Miszkielo, Bartosz"]
[Result "0-1"]
[WhiteElo "1761"]
[BlackElo "1419"]
[PlyCount "110"]
[EventDate "2012.04.30"]
[EventType "swiss"]
[EventRounds "9"]
[EventCountry "POL"]
[SourceTitle "EXT 2013"]
[Source "ChessBase"]
[SourceDate "2012.11.22"]
[SourceVersion "1"]
[SourceVersionDate "2012.11.22"]
[SourceQuality "1"]

1. d4 Nf6 2. c4 c5 3. d5 g6 4. Nc3 Bg7 5. e4 d6 6. f4 Nbd7 7. Nf3 a6 8. a4 0-0 9. Bd3 Re8 10. 0-0 Kh8 11. Ng5 Kg8 12. Bd2 e6 13. dxe6 fxe6 14. f5 Ne5 15. Bc2 Nxc4 16. Bc1 Qe7 17. Nxe6 Bxe6 18. fxe6 Rab8 19. Bb3 Na5 20. Nd5 Nxd5 21. exd5 Rf8 22. Bc2 Rxf1+ 23. Qxf1 Rf8 24. Qe2 Qf6 25. Ra3 Qd4+ 26. Be3 Qxb2 27. Rd3 Qe5 28. Rd1 Nc4 29. Qxc4 Qxe3+ 30. Kh1 Bd4 31. Rf1 Rf2 32. Rd1 Rxg2 33. Qf1 Rf2 34. Qd3 Qe5 35. Qg3 Qxg3 36. hxg3 Rxc2 37. Re1 Kf8 38. Rf1+ Rf2 39. Rb1 Bb2 40. Kg1 Bd4 41. Kh1 Rb2 42. Rf1+ Bf2 43. Kg2 b5 44. axb5 axb5 45. g4 b4 46. g5 c4 47. Kf3 b3 48. Ke4 Rc2 49. Ra1 Ra2 50. Rb1 Ke7 51. Kf3 b2 52. Ke2 c3 53. Kd3 Ra1 54. Kc2 Rxb1 55. Kxb1 Be3 0-1

[Event "POL-chT U19 3rd League Dolnoslaskie"]
[Site "Karpacz"]
[Date "2012.??.??"]
[Round "3.9"]
[White "Wrobel, Michal"]
[Black "Miszkielo, Bartosz"]
[Result "0-1"]
[WhiteElo "1480"]
[BlackElo "1419"]
[PlyCount "122"]
[EventDate "2012.03.30"]
[EventType "team-tourn"]
[EventRounds "6"]
[EventCountry "POL"]
[SourceTitle "EXT 2015"]
[Source "ChessBase"]
[SourceDate "2014.11.20"]
[SourceVersion "1"]
[SourceVersionDate "2014.11.20"]
[SourceQuality "1"]
[WhiteTeam "Wroclaw KS Polonia U19 III"]
[BlackTeam "Wroclaw MUKS MDK Fabryczna U19"]
[WhiteTeamCountry "POL"]
[BlackTeamCountry "POL"]

1. e4 c5 2. Nf3 d6 3. d4 cxd4 4. Nxd4 Nc6 5. Nc3 Nf6 6. f3 g6 7. Bc4 Bg7 8. Nde2 0-0 9. Be3 Bd7 10. Qd2 a6 11. 0-0 b5 12. Bb3 b4 13. Na4 Ne5 14. Qxb4 Bb5 15. Qd2 Bxa4 16. Bxa4 Nc4 17. Qc1 Nd7 18. c3 Nde5 19. Rd1 Nxe3 20. Qxe3 Nc4 21. Qc1 Qb6+ 22. Kh1 Qxb2 23. Qxb2 Nxb2 24. Bc6 Nxd1 25. Bxa8 Nxc3 26. Nxc3 Bxc3 27. Rc1 Rxa8 28. Rxc3 Rb8 29. h3 Kg7 30. Rc6 Ra8 31. Rc7 Kf6 32. Kh2 a5 33. a4 e6 34. f4 d5 35. e5+ Kg7 36. Kg3 Rd8 37. Kf3 d4 38. Ke2 d3+ 39. Kd2 Rd4 40. g3 Rxa4 41. Kxd3 Ra3+ 42. Rc3 Rxc3+ 43. Kxc3 Kh6 44. g4 g5 45. f5 exf5 46. gxf5 Kg7 47. Kb3 h5 48. Ka4 g4 49. hxg4 hxg4 50. Kxa5 g3 51. f6+ Kf8 52. e6 fxe6 53. f7 Kxf7 54. Ka4 g2 55. Ka3 g1Q 56. Ka4 Qb6 57. Ka3 Kf6 58. Ka4 Ke5 59. Ka3 Kd4 60. Ka4 Kc4 61. Ka3 Qb3# 0-1